Sports Quiz

Random Sports or World Quiz

PDC World Championship Winners Quiz Stats

 Plays Quiz not verified by Sporcle

Challenge
Share
Tweet
Embed
Score 0/24 Timer 02:00
0 Plays Today
Year Winner % Correct
1995Phil Taylor
100%
1996Phil Taylor
100%
1997Phil Taylor
100%
1998Phil Taylor
100%
1999Phil Taylor
100%
2000Phil Taylor
100%
2001Phil Taylor
100%
2002Phil Taylor
100%
2004Phil Taylor
100%
2005Phil Taylor
100%
2006Phil Taylor
100%
2009Phil Taylor
100%
Year Winner % Correct
2010Phil Taylor
100%
2013Phil Taylor
100%
2007Raymond van Barneveld
97.4%
2014Michael van Gerwen
97.4%
2015Gary Anderson
97.4%
2016Gary Anderson
97.4%
2017Michael van Gerwen
97.4%
2011Adrian Lewis
89.7%
2012Adrian Lewis
89.7%
2003John Part
84.6%
2008John Part
84.6%
1994Dennis Priestley
59%

You're not logged in!

Compare scores with friends on all Sporcle quizzes.
OR
Log In

You Might Also Like...

Show Comments

Extras

Top Quizzes Today


Score Distribution

Your Account Isn't Verified!

In order to create a playlist on Sporcle, you need to verify the email address you used during registration. Go to your Sporcle Settings to finish the process.

Report this User

Report this user for behavior that violates our Community Guidelines.

Details: